Practical Record Book of Child Health Nursing (Record no. 252527)

MARC details
000 -LEADER
fixed length control field 00420pam a2200157a 44500
008 - FIXED-LENGTH DATA ELEMENTS--GENERAL INFORMATION
fixed length control field 230405s2022 xxu||||| |||| 00| 0 eng d
020 ## - INTERNATIONAL STANDARD BOOK NUMBER
International Standard Book Number 9789392242298
Terms of availability Rs. 395
082 ## - DEWEY DECIMAL CLASSIFICATION NUMBER
Classification number 618.92
Item number KUM
100 ## - MAIN ENTRY--PERSONAL NAME
Personal name Kumar, Deepika
245 ## - TITLE STATEMENT
Title Practical Record Book of Child Health Nursing
260 ## - PUBLICATION, DISTRIBUTION, ETC.
Place of publication, distribution, etc. Panjab
Name of publisher, distributor, etc. Vision Health Sc. Pub.
Date of publication, distribution, etc. 2022
300 ## - PHYSICAL DESCRIPTION
Extent 244 p.
502 ## - DISSERTATION NOTE
Dissertation note text
700 ## - ADDED ENTRY--PERSONAL NAME
Personal name Bragta, Seema
906 ## - LOCAL DATA ELEMENT F, LDF (RLIN)
a 004499

No items available.